000
00230nam a2200097Ia 4500
008
190216s9999||||xx |||||||||||||| ||und||
100
_a
Mathai A M
245
0
_a
Introduction To Statitical Mathematics
260
_b
Null
942
_c
BK
999
_c
30520
_d
30520